[Event "Forchheim DWZ op"]
[Site "Forchheim"]
[Date "2002.09.22"]
[Round "3"]
[White "Riemer, Oliver"]
[Black "Niklaus, Tobias"]
[Result "1-0"]
[WhiteElo "1885"]
[BlackElo "1497"]
[PlyCount "49"]
[EventDate "2002.09.20"]
[EventType "swiss"]
[EventRounds "5"]
[EventCountry "GER"]
[SourceTitle "CBM 090 Extra"]
[Source "ChessBase"]
[SourceDate "2002.11.07"]
[SourceVersion "1"]
[SourceVersionDate "2002.11.07"]
[SourceQuality "1"]

1. e4 e5 2. Nf3 Nc6 3. Bb5 a6 4. Ba4 Nf6 5. 0-0 b5 6. Bb3 Bc5 7. Nxe5 0-0 8. Nxc6 dxc6 9. d3 Bg4 10. Qe1 h6 11. Be3 Be7 12. Nd2 a5 13. a4 b4 14. f4 Be6 15. Nc4 Ng4 16. h3 Nf6 17. f5 Bxc4 18. Bxc4 Nd7 19. Rd1 Nc5 20. b3 Nb7 21. e5 Bc5 22. d4 Bb6 23. f6 g6 24. Qh4 h5 25. Qg5 1-0